Quiz sur Milan-San Remo - Statistiques

Statistiques générales
  • Ce quiz a été pris 215 fois
  • Le résultat moyen est 9 sur 15
Statistiques - réponses
Question Réponse % Correct
Pays dans lequel elle se déroule Italie
100%
Mois durant lequel elle a lieu Mars
96%
Célèbre montée située à 5,4 km de l'arrivée et ajoutée au parcours en 1960 le Poggio
88%
Autres classiques du même pays Tour de Lombardie
83%
Vainqueur français en 2019 Julian Alaphilippe
81%
Nombre de victoires de ce dernier 7
80%
Sprinteur britannique vainqueur de la 100e édition Mark Cavendish
78%
Surnoms la Primavera
74%
Coureur le plus titré Eddy Merckx
62%
Autres classiques du même pays Strade Bianche
61%
Distance 298 km
43%
Année de la première édition 1907
39%
Surnoms la Classicissima
8%
Premier vainqueur Lucien Petit-Breton
4%
Course amateur organisée par l’Unione ciclistica San Remo depuis 1970 sur le même parcours Granfondo Milano-Sanremo
0%
Aucun quiz correspondant
Distribution des résultats
% des personnes avec chaque résultat
Percentile par nombre de réponses
Votre historique - résultats
Vous n’avez pas pris ce quiz